000 00747cam a2200253 4500500
005 20260329002725.0
041 _afre
042 _adc
100 1 0 _aEltchaninoff, Michel
_eauthor
245 0 0 _aL’art nous rend-il moralement meilleurs ?
260 _c2013.
500 _a51
690 _aFrédéric Schiffter
690 _alucidité
690 _aMoralisme
690 _aPerfectionnisme moral
690 _aSandra Laugier
690 _aSéries TV
690 _aStanley Cavell
690 _aThe Wire
690 _aTony Soprano
786 0 _nPhilosophie magazine | 70 | 6 | 2013-06-01 | p. 30-30 | 1951-1787
856 4 1 _uhttps://shs.cairn.info/magazine-philosophie-magazine-2013-6-page-30?lang=fr&redirect-ssocas=7080
999 _c1817778
_d1817778